E- commerce: (Record no. 195624)
[ view plain ]
| 000 -LEADER | |
|---|---|
| fixed length control field | 00937nam a2200277Ia 4500 |
| 005 - DATE AND TIME OF LATEST TRANSACTION | |
| control field | 20230504103638.0 |
| 008 - FIXED-LENGTH DATA ELEMENTS--GENERAL INFORMATION | |
| fixed length control field | 210716s2016 xx 000 0 und d |
| 020 ## - INTERNATIONAL STANDARD BOOK NUMBER | |
| International Standard Book Number | 9788126514694 |
| 040 ## - CATALOGING SOURCE | |
| Transcribing agency | AIMIT LIBRARY |
| 041 ## - LANGUAGE CODE | |
| Language code of text/sound track or separate title | eng |
| 082 ## - DEWEY DECIMAL CLASSIFICATION NUMBER | |
| Classification number | 004.694 |
| Edition number | 1 |
| Item number | CHAH |
| 100 ## - MAIN ENTRY--PERSONAL NAME | |
| Personal name | Chan, Henry. |
| 9 (RLIN) | 97498 |
| 245 ## - TITLE STATEMENT | |
| Title | E- commerce: |
| Remainder of title | fundamentals and applications / |
| Statement of responsibility, etc. | By Chan, Henry...et.al. |
| 250 ## - EDITION STATEMENT | |
| Edition statement | 1st ed. |
| 260 ## - PUBLICATION, DISTRIBUTION, ETC. | |
| Place of publication, distribution, etc. | New Delhi : |
| Name of publisher, distributor, etc. | Wiley India Pvt Ltd , |
| Date of publication, distribution, etc. | 2016. |
| 300 ## - PHYSICAL DESCRIPTION | |
| Extent | xxiv,479p. ; |
| Other physical details | PB |
| Dimensions | 23 cm. |
| 650 ## - SUBJECT ADDED ENTRY--TOPICAL TERM | |
| Topical term or geographic name entry element | Internet and world wide web |
| 9 (RLIN) | 97499 |
| 650 ## - SUBJECT ADDED ENTRY--TOPICAL TERM | |
| Topical term or geographic name entry element | Client side programming |
| 9 (RLIN) | 97500 |
| 650 ## - SUBJECT ADDED ENTRY--TOPICAL TERM | |
| Topical term or geographic name entry element | Basic cryptography for enabling e-commerce |
| 9 (RLIN) | 97501 |
| 650 ## - SUBJECT ADDED ENTRY--TOPICAL TERM | |
| Topical term or geographic name entry element | Advanced technologies fpr e-commerce |
| 9 (RLIN) | 97502 |
| 650 ## - SUBJECT ADDED ENTRY--TOPICAL TERM | |
| Topical term or geographic name entry element | Consumer oriented e-commerce |
| 9 (RLIN) | 97503 |
| 700 ## - ADDED ENTRY--PERSONAL NAME | |
| Personal name | Lee, Raymond. |
| 9 (RLIN) | 97504 |
| 700 ## - ADDED ENTRY--PERSONAL NAME | |
| Personal name | Dillon, Tharam. |
| 9 (RLIN) | 97505 |
| 700 ## - ADDED ENTRY--PERSONAL NAME | |
| Personal name | Chang, Elizabeth. |
| 9 (RLIN) | 97506 |
| 942 ## - ADDED ENTRY ELEMENTS (KOHA) | |
| Source of classification or shelving scheme | Dewey Decimal Classification |
| Koha item type | Book |
| Edition | 1st |
| Call number prefix | 004.694 CHAH |
| Withdrawn status | Lost status | Source of classification or shelving scheme | Damaged status | Not for loan | Collection code | Home library | Current library | Date acquired | Source of acquisition | Cost, normal purchase price | Inventory number | Total Checkouts | Full call number | Barcode | Date last seen | Cost, replacement price | Price effective from | Koha item type |
|---|---|---|---|---|---|---|---|---|---|---|---|---|---|---|---|---|---|---|
| Dewey Decimal Classification | MCA | St Aloysius Institute of Management & Information Technology | St Aloysius Institute of Management & Information Technology | 03/01/2017 | Knowledge World | 669.00 | Bill no:318; Bill dt:2017-02-10 | 004.694 CHAH | MCA15134 | 07/21/2025 | 501.75 | 07/16/2021 | Book | |||||
| Dewey Decimal Classification | MCA | St Aloysius Institute of Management & Information Technology | St Aloysius Institute of Management & Information Technology | 03/01/2017 | Knowledge World | 669.00 | Bill no:318; Bill dt:2017-02-10 | 004.694 CHAH | MCA15135 | 07/21/2025 | 501.75 | 07/16/2021 | Book | |||||
| Dewey Decimal Classification | MCA | St Aloysius Institute of Management & Information Technology | St Aloysius Institute of Management & Information Technology | Knowledge World | 689.00 | Bill no:501; Bill dt:2018-03-05 | 004.694 CHAH | MCA15549 | 07/21/2025 | 537.42 | 07/16/2021 | Book |